00525nam a2200157Ia 4500008004100000100001900041245012800060260001100188300002100199440003300220521000900253650002200262650003400284650002800318650002100346140626s9999 xx 000 0 und d aDurkin, Kevin. aSchool-age prework experiences of young people with a history of specific language impairment /cKevin Durkin ... [et al.]. cc2011. a45 : 4, page 242 aJournal of Special Education aSPED aEarly employment. aSpecific language impairment. aVocational development. aWork experience.